Statistics for Interesting Facts

Click here to take the quiz!

General Stats

  • This quiz has been taken 145 times
  • The average score is 7 of 10

Answer Stats

Interesting Facts% Correct
Technically, {Manila} is not the most populous city in the Philippines. The neighboring municipality of Quezon City has a higher population
90%
Only {7} prisoners were inside the Bastille when it was stormed during the French Revolution
80%
Fortune cookies were invented in {the United States} by a person who was born in Japan
77%
{Gandhi} never won the Nobel Peace Prize
76%
Lake {Baikal} is both the deepest and the oldest lake in the world
72%
Jimi Hendrix was rated the #1 guitarist of all time by {Rolling Stone} magazine
68%
The largest island in the United States is {Hawaii}, also known as "The Big Island"
67%
The only U.S. presidents to run {unopposed} were George Washington and James Monroe
58%
The {colossal} squid is thought to be even larger than the giant squid
41%
The {colossal squid} has the largest eyes of any animal
22%

Score Distribution

Percentile by Number Answered

Percent of People with Each Score

Your Score History

You have not taken this quiz